Vista normal
Vista MARC
Entrada Nombre Personal
Número de registros utilizados en: 1
001 - Número de Control
- control field: 791
003 - Identificador de Número de Control
- control field: EC-QuCCB
005 - Fecha y Hora de la última transacción
- Campo de Control: 20260326105630.0
008 - Elementos de Datos de Longitud Fija
- fixed length control field: 131127s9999 xx 000 0 und d
040 ## - Origen de la Catalagación
- Agencia catalogadora original: EC-QuCCB
- Idioma de la catalogación: spa
100 1# - Asiento Principal--Nombre Personal
- Nombre personal :: Aute, Luis Eduardo,
- Fecha asociadas con el Nombre : : 1943-2020
400 1# - Trazado Véase Desde -- Nombre Personal
- Nombre Personal: Aute Gutiérrez, Luis Eduardo,
- Fechas asociadas con un nombre : : 1943-2020
400 1# - Trazado Véase Desde -- Nombre Personal
- Nombre Personal: Aute, L. E.,
- Fechas asociadas con un nombre : : 1943-2020
400 0# - Trazado Véase Desde -- Nombre Personal
- Nombre Personal: Luis Eduardo Aute,
- Fechas asociadas con un nombre : : compositor, director, escultor, pintor y poeta español,
670 ## - Fuente de la Información Encontrada
- Fuente citada :: Poesía en Paralelo Cero, 2016:
- Informacion encontrada :: página 23 (Luis Eduardo Aute, nació en Manila, Filipinas, en 1943; Cantautor; poeta; cineasta, pintor y escultor)
670 ## - Fuente de la Información Encontrada
- Fuente citada :: VIAF
- Informacion encontrada :: Aute, Luis Eduardo, 1943-2020
- Informacion encontrada :: Aute Gutiérrez, Luis Eduardo, 1943-2020
- Informacion encontrada :: Aute, L. E., 1943-2020
- Informacion encontrada :: Luis Eduardo Aute, compositor, director, escultor, pintor y poeta español,
- Identificador Uniforme de Recursos :: https://viaf.org/es/viaf/20538593
678 ## - Información Geográfica o Histórica
- Información Histórica o Biográfica: Wikipedia. Luis Eduardo Aute Gutiérrez; Nació el 13 de septiembre de 1943 en Manila, Filipinas, fallece el 4 de abril de 2020 en Madrid, España. Fue un compositor, cineasta, escultor, pintor y poeta español. Aunque fue principalmente conocido como cantautor, también destacó como pintor y como director de cine. Hablaba español, inglés, catalán, francés, italiano y tagalo.
- Identificador Uniforme de Recursos: https://es.wikipedia.org/wiki/Luis_Eduardo_Aute























